| 000 | 00814nam a22002531 4500 | ||
|---|---|---|---|
| 001 | 84080 | ||
| 003 | BD-RjUL | ||
| 005 | 20241006104526.0 | ||
| 008 | 241006s1967 enk bp 000 0 eng | ||
| 035 | _a(BD-RjUL)84080 | ||
| 040 |
_aDLC _cDLC _dDLC _dBD-RjUL _beng |
||
| 041 | _aeng | ||
| 082 | 0 | 0 |
_223 _a536.7076 _bBRP 1967 |
| 100 | 1 |
_aBraun, Ernest, _d1925- _913716 |
|
| 245 | 1 | 0 |
_aProgrammed problems in thermodynamics / _c[by] E. Braun [and] E. T. Wait. |
| 260 |
_aLondon : _aNew York : _bMcGraw-Hill, _c1967 |
||
| 300 |
_ax, 186 p.: _bill.; _c25 cm. |
||
| 350 | _aunpriced | ||
| 504 | _aBibliography: p. 185. | ||
| 650 | 0 |
_aThermodynamics _xProblems, exercises, etc. _913718 |
|
| 650 | 0 |
_aThermodynamics _xProgrammed instruction. _913717 |
|
| 700 | 1 |
_aWait, Eric Thomas, _ejoint author. _913719 |
|
| 942 |
_2ddc _cBK |
||
| 999 |
_c84080 _d84080 |
||